000 00679nam a2200205Ii 4500
003 JO-AjNU
008 230605s9999||||xx |||||||||||||| ||und||
017 _a1975/4106
040 _aJO-AjNU
_bara
_erda
_cJO-AjNU
041 _aara
050 1 4 _aBP161.2.H85.1975
100 3 _aالحسيني،خلف محمد,
_eauthor
_920835
245 0 0 _aالبيان في منهج الإسلام
264 3 1 _aالقاهرة:الهيئة المصرية العامة للكتاب ،1975
300 _a346ص
336 _atext
_btxt
_2rdacontent
337 _aunmediated
_bn
_2rdamedia
338 _avolume
_bnc
_2rdacarrier
650 4 _aالاسلام-مقالات ومحاضرات
_920836
999 _aA7136
_c10704
_d10704